000 00979nam a2200265Ia 4500
003 OSt
005 20220923211002.0
006 a|||||r|||| 00| 0
007 ta
008 220922b |||||||| |||| 00| 0 ben d
020 _a8170164044 (hbk)
_c80
024 _a235,214
037 _b430, 04/03/2008, University Book House
_cTextual
040 _aARTS
_cARTS
_bben
041 _2ben
_aben
082 _aO157,3N26,23, 152N8;P6
100 _aमहाश्वेता देवी; माहेश्वर
_9156848
245 0 _aप्रति 54 मिनट
246 _aPrati 54 minaṭa
260 _aनई दिल्ली
_b किताबघर
_c2006
300 _a95पृ0
_ccm.
650 _aबंगाली साहित्य
_9156264
942 _hO157,3N26,23, 152N8;P6
_cTEXL
_2CC
999 _c293534
_d293534